[Event "Chigorin Memorial 31st"]
[Site "St Petersburg"]
[Date "2024.10.29"]
[Round "4"]
[White "Smirnov, Yaroslav"]
[Black "Artemyev, Miron"]
[Result "1-0"]
[WhiteElo "1900"]
[BlackElo "1662"]
[PlyCount "69"]
[EventDate "2024.10.26"]
[EventType "swiss"]
[EventRounds "9"]
[EventCountry "RUS"]
[SourceTitle "CB45_2024"]
[Source "ChessBase"]
[SourceDate "2024.11.06"]
[SourceVersion "1"]
[SourceVersionDate "2024.11.06"]
[SourceQuality "1"]

1. d4 e6 2. c4 f5 3. Nc3 Nf6 4. Qc2 Bb4 5. e3 b6 6. Bd3 Bb7 7. f3 0-0 8. Nge2 c5 9. 0-0 d6 10. Bd2 g6 11. a3 Bxc3 12. Bxc3 Qe7 13. b4 Nbd7 14. bxc5 bxc5 15. Rab1 Bc6 16. Ng3 h5 17. e4 cxd4 18. Bxd4 f4 19. Ne2 e5 20. Bf2 g5 21. Nc3 Rfc8 22. Qa2 Nc5 23. Bxc5 dxc5 24. Nd5 Bxd5 25. exd5 Rcb8 26. Rfe1 g4 27. Qe2 Rxb1 28. Bxb1 Rb8 29. Bf5 gxf3 30. Qxf3 Qd6 31. Qc3 e4 32. Bxe4 Re8 33. Bf5 Rxe1+ 34. Qxe1 f3 35. gxf3 1-0

[Event "Chigorin Memorial 31st"]
[Site "St Petersburg"]
[Date "2024.10.28"]
[Round "3"]
[White "Artemyev, Miron"]
[Black "Meshcheriakova, Emiliia"]
[Result "1-0"]
[WhiteElo "1662"]
[BlackElo "1874"]
[PlyCount "79"]
[EventDate "2024.10.26"]
[EventType "swiss"]
[EventRounds "9"]
[EventCountry "RUS"]
[SourceTitle "CB45_2024"]
[Source "ChessBase"]
[SourceDate "2024.11.06"]
[SourceVersion "1"]
[SourceVersionDate "2024.11.06"]
[SourceQuality "1"]

1. e4 e5 2. Nf3 Nc6 3. d4 exd4 4. Nxd4 Bc5 5. Nb3 Bb6 6. Nc3 d6 7. Qe2 a5 8. a4 Nb4 9. g3 Ne7 10. Bg2 0-0 11. 0-0 Be6 12. Rd1 Qc8 13. Nd4 Bg4 14. f3 Bd7 15. Be3 Nec6 16. Ncb5 Nxd4 17. Nxd4 Qe8 18. c3 Na6 19. b3 Nc5 20. Bf2 Kh8 21. Qc2 Ne6 22. f4 Bxd4 23. Bxd4 Nxd4 24. cxd4 c6 25. e5 dxe5 26. dxe5 f6 27. Re1 Qf7 28. exf6 Qxf6 29. Re5 Rfe8 30. Rae1 h6 31. Qd2 Rxe5 32. fxe5 Qe7 33. e6 Be8 34. h4 Qc7 35. Qf2 Bg6 36. e7 Re8 37. h5 Bxh5 38. Qf8+ Kh7 39. Be4+ g6 40. Qf7+ 1-0